000
00262nam a22001217a 4500
003
SGT
082
_a
823.92
_b
ROW
100
_a
ROWLINE J.K
245
_a
HARRY POTTER AND THE CURSED CHILD
260
_a
U.K
_b
SPHERE PUB
_c
2017
300
_a
329
942
_2
ddc
_c
BK
999
_c
33561
_d
33561